Science Quiz

Random Science or Letter Quiz

'N' Natural World Quiz Stats

 Plays Quiz Updated Feb 13, 2018

Also try: 'M' Natural World
Challenge
Share
Tweet
Embed
Score 0/21 Timer 05:00
6 Plays Today
Hint Answer % Correct
Which chemical element forms about 78% of the Earth's atmosphere?Nitrogen
90%
Which small amphibian is often called a salamander?Newt
89.2%
Which sugary fluid is secreted within flowers to encourage pollination by insects?Nectar
88.9%
Which small Arctic whale has a long forward-pointing spirally twisted tusk developed from one of its teeth?Narwhal
81.2%
Which bird of the thrush family is noted for its rich melodious song, often heard at night? Nightingale
77.8%
Which low altitude cloud or cloud mass with ragged edges gives rain, sleet or snow?Nimbus
73.6%
Which Indonesian powdered spice is used to flavor a host of cakes, puddings, and custards? Nutmeg
71.5%
What northernmost point on Earth is covered in near-permanent sea ice?North Pole
70%
Which figurative term is used for a group of vipers?Nest
67.2%
What name can be given to a female goat?Nanny goat
65.8%
What term refers to the species of proto-humans that went extinct approximately 40,000 years ago?Neanderthal
64.4%
Hint Answer % Correct
Which herbaceous plant has jagged leaves, many covered with stinging hairs?Nettle
62.1%
Which Canadian working dog is known for its giant size, intelligence, strength and calm disposition?Newfoundland
58%
Which reptile, who shares its name with a river, is the largest freshwater predator in Africa?Nile crocodile
50.7%
Which bottom-dwelling nocturnal shark common along shorelines is also known as the cat-shark?Nurse shark
42.3%
Which plant related to the potato typically has poisonous black or red berries?Nightshade
40.6%
What name is given to an immature form of insect which undergoes gradual metamorphosis to the adult stage?Nymph
34.4%
Which small songbird climbs up and down tree trunks and feeds on nuts, seeds and insects?Nuthatch
32.9%
The spring-flowering Daffodil belongs to which genus of plant?Narcissus
32.8%
Which medium-sized nocturnal bird is also known as a Nighthawk or Night owl?Nightjar
16.5%
Which small European toad has a bright yellow stripe down its back and a very loud mating call?Natterjack toad
13.6%

You're not logged in!

Compare scores with friends on all Sporcle quizzes.
OR
Log In

You Might Also Like...

Show Comments

Extras

Top Quizzes Today


Score Distribution

Your Account Isn't Verified!

In order to create a playlist on Sporcle, you need to verify the email address you used during registration. Go to your Sporcle Settings to finish the process.

Report this User

Report this user for behavior that violates our Community Guidelines.

Details: